000 00360nam a2200145Ia 4500
008 230711s9999||||xx |||||||||||||| ||und||
041 _aENG
082 _a720
_bTH-B
100 _aThe master architect series
245 0 _aBarton myers
250 _a1st . Ed.
260 _c1996
_aVictoria
_bImages Publisher Corporation
650 _aArchitecture
942 _cBK
999 _c3952
_d3952